Statistiques concernant Roumains célèbres par images

Cliquez ici pour prendre le quiz!

Statistiques générales

  • Ce quiz a été pris 66 fois
  • Le résultat moyen est 3 sur 12

Statistiques - réponses

Réponse% Correct
Vlad III
73%
Gheorghe Hagi
67%
Simona Halep
54%
Nicolae Ceaușescu
41%
Inna
27%
Sebastian Stan
27%
Eugène Ionesco
21%
Roxana Maracineanu
13%
Ion Antonescu
8%
Michel Ier
6%
Edward G. Robinson
3%
Elvire Popesco
2%

Distribution des résultats

Percentile par nombre de réponses

% des personnes avec chaque résultat

Votre développement - résultats

Vous n’avez pas pris ce quiz